Fußball - Trainer der Welt- und Europameister - Statistiken

Allgemein
  • Dieses Quiz wurde 93 mal gespielt
  • Das Durchschnittsergebnis liegt bei 12 aus 39
Antwortstatistiken
Jahr Sieger Trainer % Korrekt
WM 2014 Deutschland Joachim Löw
99%
WM 1990 Deutschland Franz Beckenbauer
90%
WM 2018 Frankreich Didier Deschamps
81%
EM 2004 Griechenland Otto Rehhagel
76%
WM 2010 Spanien Vicente del Bosque
65%
EM 2012 Spanien Vicente del Bosque
65%
EM 1972 Deutschland Helmut Schön
63%
WM 1974 Deutschland Helmut Schön
63%
WM 1954 Deutschland Josef Herberger
62%
EM 1996 Deutschland Berti Vogts
59%
EM 2021 Italien Roberto Mancini
49%
WM 2002 Brasilien Luiz Felipe Scolari
48%
WM 2006 Italien Marcello Lippi
46%
EM 1980 Deutschland Josef Derwall
38%
WM 2022 Argentinien Lionel Scaloni
37%
EM 2008 Spanien Luis Aragones
34%
EM 2024 Spanien Luis de la Fuente
34%
EM 2016 Portugal Fernando Santos
33%
EM 1988 Niederlande Rinus Michels
24%
WM 1978 Argentinien Cesar Luis Menotti
20%
WM 1970 Brasilien Mario Zagallo
19%
WM 1966 England Alf Ramsey
18%
WM 1998 Frankreich Aime Jacquet
14%
WM 1982 Italien Enzo Bearzot
11%
WM 1994 Brasilien Carlos Alberto Parreira
10%
WM 1986 Argentinien Carlos Bilardo
9%
EM 1992 Dänemark Richard Möller-Nielsen
8%
WM 1934 Italien Vittorio Pozzo
8%
WM 1938 Italien Vittorio Pozzo
8%
EM 1984 Frankreich Michel Hidalgo
6%
EM 2000 Frankreich Roger Lemerre
4%
EM 1968 Italien Ferruccio Valcareggi
3%
EM 1964 Spanien Jose Villalonga
3%
WM 1950 Uruguay Juan Lopez
3%
WM 1958 Brasilien Vicente Feola
3%
WM 1930 Uruguay Alberto Suppici
1%
WM 1962 Brasilien Aymore Moreira
1%
EM 1976 Tschechoslowakei Vaclav Jezek
1%
EM 1960 Sowjetunion Gavriil Kachalin
0%
Keine übereinstimmenden Quizze gefunden
Verteilung der Resultate
Anzahl Personen mit jedem Resultat
Perzentil nach korrekt beantworteten Fragen
Ihre Resultats-Entwicklung
Sie haben dieses Quiz noch nicht gespielt